Statistiques concernant Pokémon- Toutes les attaques "Queue"

Cliquez ici pour prendre le quiz!

Statistiques générales

  • Ce quiz a été pris 46 fois
  • Le résultat moyen est 4 sur 8

Statistiques - réponses

Génération d'apparitionCapacité% Correct
2GQueue de Fer
93%
1GMimi-Queue
81%
5GDraco-Queue
69%
4GHydro-Queue
57%
3GQueue-Poison
33%
5GPlumo-Queue
24%
5GA la queue
19%
3GLumi-Queue
12%

Distribution des résultats

Percentile par nombre de réponses

% des personnes avec chaque résultat

Votre développement - résultats

Vous n’avez pas pris ce quiz